Statistics for Melanie Martinez Lyrics: Wheels on the Bus

Click here to take the quiz!

General Stats

  • This quiz has been taken 173 times
  • The average score is 236 of 289

Answer Stats

Answer% Correct
the
100%
the,
100%
oh
99%
i
97%
a
96%
and
94%
i'm
93%
it,
93%
it
93%
on
93%
(wheels
92%
wheels
92%
bus
90%
bus)
90%
in
90%
no
90%
ooh
90%
look
89%
be
88%
it's
88%
me
88%
he
87%
don't
85%
out
85%
cold
84%
down,
84%
down
84%
fuck
84%
give
84%
her
84%
just
84%
not
84%
outside
84%
window
84%
looking
83%
as
82%
ha
82%
us,
82%
are
81%
behind
81%
boys
81%
driver
81%
his
81%
there
81%
to
81%
hand
80%
pass
80%
watching
80%
by
79%
know
79%
one's
79%
trying
79%
two
79%
up
79%
yelling
79%
pants
78%
sees
78%
fucking
76%
got
76%
he's
76%
mirror
76%
nothing
76%
they
76%
boring
74%
ignore
74%
says
74%
skirt
74%
saying
73%
peeking
72%
ass
71%
'cause
71%
counting
70%
front
70%
observing,
70%
quietly
70%
puff
69%
holding
67%
over
67%
she's
67%
trees
66%
across
65%
glass
65%
here
65%
rearview
64%
dick
62%
fast
60%
put
59%
row
59%
hit
58%
aisle
56%
bump
56%
hate
56%
him,
56%
jason's
56%
letting
56%
ooh
56%
light
54%
ooh
53%
dan
51%
maya's
50%
now,
48%
cars
47%
babysit,
39%
i'ma
37%
c'mon,
34%
review
19%
terrfied
10%

Score Distribution

Percentile by Number Answered

Percent of People with Each Score

Your Score History

You have not taken this quiz